Normal view
MARC view
Entry Personal Name
001 - CONTROL NUMBER
- control field: 5894
003 - CONTROL NUMBER IDENTIFIER
- control field: OSt
005 - DATE AND TIME OF LATEST TRANSACTION
- control field: 20231027220252.0
008 - FIXED-LENGTH DATA ELEMENTS
- fixed length control field: 231027|| aca||aabn | a|a d
040 ## - CATALOGING SOURCE
- Original cataloging agency: OSt
- Transcribing agency: OSt
100 ## - HEADING--PERSONAL NAME
- Personal name: Vajpeyee, Mangwato Prasad
670 ## - SOURCE DATA FOUND
- Source citation: Work cat.: (OSt)40313: Vajpeyee, Mangwato Prasad, Vasna Ka Indrajal, 1969;


